[Event "Bucharest Spring Festival (Women)"]
[Site "Bucharest"]
[Date "2003.03.13"]
[Round "11"]
[White "Moshina, Cristina"]
[Black "Marin, Irina Luiza"]
[Result "1-0"]
[WhiteElo "2193"]
[BlackElo "2261"]
[PlyCount "97"]
[EventDate "2003.03.04"]
[EventType "tourn"]
[EventRounds "11"]
[EventCountry "ROU"]
[SourceTitle "CBM 093 Extra"]
[Source "ChessBase"]
[SourceDate "2003.05.09"]
[SourceVersion "1"]
[SourceVersionDate "2003.05.09"]
[SourceQuality "1"]

1. e4 d6 2. d4 Nf6 3. Nc3 g6 4. f4 Bg7 5. Nf3 0-0 6. Be3 b6 7. Bd3 c5 8. d5 Na6 9. Qd2 Nc7 10. a4 a6 11. h3 Bd7 12. b3 b5 13. 0-0 e6 14. dxe6 fxe6 15. Rad1 Bc6 16. e5 b4 17. exd6 Qxd6 18. Ne4 Nxe4 19. Bxe4 Nd5 20. Qf2 Qc7 21. Bxd5 Bxd5 22. Ng5 Rfc8 23. f5 gxf5 24. Qh4 Bc3 25. Rd3 Ra7 26. Bf4 Qg7 27. Rg3 Qd4+ 28. Kh2 Rg7 29. Nxh7 Rxg3 30. Kxg3 Qg7+ 31. Ng5 Rf8 32. Kh2 Rf6 33. Nf3 Qh7 34. Qf2 Bxf3 35. Qxf3 e5 36. Qd5+ Qf7 37. Qxf7+ Kxf7 38. Be3 Bd4 39. Bg5 Rg6 40. Rxf5+ Ke6 41. g4 Kd5 42. h4 c4 43. h5 Rc6 44. h6 cxb3 45. cxb3 Rc2+ 46. Kg3 Rc7 47. Bf6 Rc3+ 48. Kh4 Rc1 49. Kh5 1-0

[Event "Bucharest Spring Festival (Women)"]
[Site "Bucharest"]
[Date "2003.03.05"]
[Round "3"]
[White "Moshina, Cristina"]
[Black "Ciobanu, Camelia Adriana"]
[Result "0-1"]
[WhiteElo "2193"]
[BlackElo "2204"]
[PlyCount "66"]
[EventDate "2003.03.04"]
[EventType "tourn"]
[EventRounds "11"]
[EventCountry "ROU"]
[SourceTitle "CBM 093 Extra"]
[Source "ChessBase"]
[SourceDate "2003.05.09"]
[SourceVersion "1"]
[SourceVersionDate "2003.05.09"]
[SourceQuality "1"]

1. e4 c5 2. Nf3 Nc6 3. d4 cxd4 4. Nxd4 Nf6 5. Nc3 d6 6. Bg5 Bd7 7. Qd2 Rc8 8. Nb3 a6 9. 0-0-0 b5 10. f4 e6 11. Qe1 Qc7 12. Bxf6 gxf6 13. Bd3 b4 14. Ne2 a5 15. Nbd4 Nxd4 16. Nxd4 Qb6 17. Be2 a4 18. Qd2 Bh6 19. g3 Ke7 20. Rhe1 Rc5 21. Kb1 Rhc8 22. Bd3 Kf8 23. h4 e5 24. Nf5 Bxf5 25. exf5 d5 26. Rc1 Rc3 27. h5 a3 28. b3 Qd4 29. Qe2 e4 30. Ba6 Re3 31. c3 Rcxc3 32. Rxc3 Qxc3 33. Rc1 Rxe2 0-1

[Event "Bucharest Spring Festival (Women)"]
[Site "Bucharest"]
[Date "2003.03.03"]
[Round "1"]
[White "Moshina, Cristina"]
[Black "Partac, Elena"]
[Result "1/2-1/2"]
[WhiteElo "2193"]
[BlackElo "2198"]
[PlyCount "99"]
[EventDate "2003.03.04"]
[EventType "tourn"]
[EventRounds "11"]
[EventCountry "ROU"]
[SourceTitle "CBM 093 Extra"]
[Source "ChessBase"]
[SourceDate "2003.05.09"]
[SourceVersion "1"]
[SourceVersionDate "2003.05.09"]
[SourceQuality "1"]

1. e4 c5 2. Nf3 Nc6 3. Bb5 g6 4. 0-0 Bg7 5. Re1 Nf6 6. c3 0-0 7. d4 cxd4 8. cxd4 d5 9. e5 Ne4 10. Bxc6 bxc6 11. Nbd2 Nxd2 12. Bxd2 Qb6 13. b4 Bg4 14. Bc3 f6 15. e6 f5 16. a4 a6 17. Qd3 Bxf3 18. gxf3 Qc7 19. Bd2 Qb6 20. Bc3 Qc7 21. Rac1 Qd6 22. Rc2 g5 23. Bd2 Rf6 24. Qc3 Rh6 25. f4 Rc8 26. Qc5 Rxe6 27. Qxd6 Rxd6 28. fxg5 Kf7 29. Bf4 Re6 30. Rxe6 Kxe6 31. b5 axb5 32. axb5 Bxd4 33. bxc6 Kf7 34. Bd2 Bb6 35. h4 e5 36. h5 f4 37. Kg2 Ke6 38. Rc1 Kf5 39. g6 hxg6 40. h6 g5 41. Bb4 Kg6 42. Rd1 Bd4 43. Rh1 Kh7 44. Rc1 Kxh6 45. c7 Kg7 46. Rc6 Kf7 47. Rh6 Kg7 48. Rc6 Kf7 49. Rh6 Kg7 50. Rc6 1/2-1/2

[Event "World University-ch (Women) 7th"]
[Site "Ulaanbaatar"]
[Date "2002.09.20"]
[Round "9"]
[White "Ding, Linlin"]
[Black "Moshina, Cristina"]
[Result "1/2-1/2"]
[WhiteElo "2294"]
[BlackElo "2271"]
[PlyCount "111"]
[EventDate "2002.09.11"]
[EventType "swiss"]
[EventRounds "9"]
[EventCountry "MGL"]
[SourceTitle "CBM 090 Extra"]
[Source "ChessBase"]
[SourceDate "2002.11.07"]
[SourceVersion "1"]
[SourceVersionDate "2002.11.07"]
[SourceQuality "1"]

1. e4 c5 2. Nf3 d6 3. d4 cxd4 4. Nxd4 Nf6 5. Nc3 Nc6 6. Bc4 Qb6 7. Nb3 e6 8. Be3 Qc7 9. 0-0 a6 10. f4 b5 11. Bd3 Be7 12. a3 h5 13. Be2 Bb7 14. Bf3 Rc8 15. Qe2 Nb8 16. Rad1 Nbd7 17. Kh1 Nb6 18. e5 Nfd5 19. exd6 Qxd6 20. Bxb6 Rxc3 21. bxc3 Qxb6 22. Qe5 0-0 23. Bxd5 Bf6 24. Qxh5 Bxd5 25. Nd4 g6 26. Qh3 Qb7 27. Qg3 Qc7 28. Rfe1 Qe7 29. Re3 Qc5 30. f5 exf5 31. Nxf5 Bxg2+ 32. Qxg2 Qxf5 33. Rf1 Qc5 34. Qf3 Bg7 35. Rfe1 Qxa3 36. c4 Qc5 37. cxb5 axb5 38. Qe4 b4 39. Rf1 Rc8 40. Qb7 Qc6+ 41. Qxc6 Rxc6 42. Re8+ Bf8 43. Rd1 Kg7 44. Rdd8 Bd6 45. Rc8 Rxc8 46. Rxc8 Kf6 47. Kg2 Ke6 48. h3 g5 49. Kf3 Be5 50. Kg4 f6 51. Rc4 Bc3 52. Rc5 Be5 53. Rb5 Bc3 54. Kh5 Kd6 55. Kg6 Ke6 56. Kh6 1/2-1/2

[Event "World University-ch (Women) 7th"]
[Site "Ulaanbaatar"]
[Date "2002.09.15"]
[Round "5"]
[White "Ankhchimeg, Bayanmunkh"]
[Black "Moshina, Cristina"]
[Result "1-0"]
[WhiteElo "2244"]
[BlackElo "2271"]
[PlyCount "85"]
[EventDate "2002.09.11"]
[EventType "swiss"]
[EventRounds "9"]
[EventCountry "MGL"]
[SourceTitle "CBM 090 Extra"]
[Source "ChessBase"]
[SourceDate "2002.11.07"]
[SourceVersion "1"]
[SourceVersionDate "2002.11.07"]
[SourceQuality "1"]

1. e4 c5 2. Nf3 d6 3. d4 cxd4 4. Nxd4 Nf6 5. Nc3 Nc6 6. Be2 g6 7. 0-0 Bg7 8. Re1 0-0 9. Nb3 a6 10. Bg5 b5 11. a3 Ne5 12. Nd5 Nxd5 13. exd5 Re8 14. a4 Bd7 15. Nd2 f6 16. Be3 bxa4 17. f4 Nf7 18. Bd4 f5 19. Nf3 Bxd4+ 20. Qxd4 Rb8 21. b3 a5 22. Bc4 axb3 23. cxb3 Rb4 24. Qd3 Qb6+ 25. Kh1 Bb5 26. Nd4 Bxc4 27. bxc4 Nd8 28. Re3 Qc7 29. Rc1 Rf8 30. Rg3 Qc8 31. h4 Rf6 32. Qc3 Kf7 33. h5 Qb7 34. Kh2 Rb1 35. Rxb1 Qxb1 36. Qxa5 Nb7 37. Qa8 Nc5 38. Qh8 Ne4 39. Qxh7+ Ke8 40. Nc6 Rf7 41. Qg8+ Rf8 42. Qxg6+ Rf7 43. Qe6 1-0

[Event "World University-ch (Women) 7th"]
[Site "Ulaanbaatar"]
[Date "2002.09.13"]
[Round "3"]
[White "Moshina, Cristina"]
[Black "Li, Ruofan"]
[Result "0-1"]
[WhiteElo "2271"]
[BlackElo "2327"]
[PlyCount "92"]
[EventDate "2002.09.11"]
[EventType "swiss"]
[EventRounds "9"]
[EventCountry "MGL"]
[SourceTitle "CBM 090 Extra"]
[Source "ChessBase"]
[SourceDate "2002.11.07"]
[SourceVersion "1"]
[SourceVersionDate "2002.11.07"]
[SourceQuality "1"]

1. e4 e5 2. Nf3 Nc6 3. Bb5 a6 4. Ba4 Nf6 5. 0-0 Be7 6. Re1 b5 7. Bb3 d6 8. c3 0-0 9. h3 Bb7 10. d4 Re8 11. Nbd2 Bf8 12. a3 g6 13. Ba2 Bg7 14. Qc2 Nb8 15. dxe5 dxe5 16. Nf1 Nbd7 17. Bg5 h6 18. Bh4 c5 19. c4 Qb6 20. Rad1 Rac8 21. N3d2 Nf8 22. Ne3 Ne6 23. Bxf6 Nd4 24. Qd3 Bxf6 25. Nd5 Bxd5 26. exd5 Bg7 27. Nf3 Nxf3+ 28. Qxf3 Qd6 29. g4 Rf8 30. Qe2 Rb8 31. Rd2 f5 32. gxf5 gxf5 33. f3 e4 34. fxe4 Rbe8 35. Bb1 fxe4 36. Qg2 Kh8 37. Kh1 Bd4 38. Bxe4 Rg8 39. Qh2 Qf6 40. Rg2 Qh4 41. Ree2 Rgf8 42. Bf3 Rxe2 43. Rxe2 Rxf3 44. Re8+ Kg7 45. Qg2+ Rg3 46. Re4 Qg5 0-1

[Event "World University-ch (Women) 7th"]
[Site "Ulaanbaatar"]
[Date "2002.09.11"]
[Round "1"]
[White "Moshina, Cristina"]
[Black "Kradolfer, Conny"]
[Result "1-0"]
[WhiteElo "2271"]
[BlackElo "2069"]
[PlyCount "77"]
[EventDate "2002.09.11"]
[EventType "swiss"]
[EventRounds "9"]
[EventCountry "MGL"]
[SourceTitle "CBM 090 Extra"]
[Source "ChessBase"]
[SourceDate "2002.11.07"]
[SourceVersion "1"]
[SourceVersionDate "2002.11.07"]
[SourceQuality "1"]

1. e4 c5 2. Nf3 d6 3. Bc4 Nc6 4. 0-0 g6 5. d3 Bg7 6. c3 e6 7. Re1 Nge7 8. Bb3 0-0 9. Nbd2 b5 10. Nf1 b4 11. d4 bxc3 12. bxc3 cxd4 13. cxd4 Ba6 14. Ne3 Qb6 15. Rb1 Rfd8 16. Bb2 Na5 17. Bc2 Rac8 18. Bd3 Bxd3 19. Qxd3 Qc7 20. Rec1 Qd7 21. Bc3 Nac6 22. d5 exd5 23. exd5 Ne5 24. Nxe5 dxe5 25. Ba5 Rxc1+ 26. Rxc1 Rc8 27. Rxc8+ Nxc8 28. Qc4 Kf8 29. Qb4+ Ke8 30. Qb8 f5 31. Nc4 e4 32. Bb4 Kf7 33. Qxc8 Qxd5 34. Nd6+ Kf6 35. Qd8+ Ke5 36. Bc3+ Ke6 37. Qg8+ Kxd6 38. Qxd5+ Kxd5 39. Bxg7 1-0

[Event "Patras op"]
[Site "Patras"]
[Date "2002.08.05"]
[Round "6.19"]
[White "Papapostolou, Apostolos"]
[Black "Moshina, Cristina"]
[Result "0-1"]
[WhiteElo "1420"]
[BlackElo "2271"]
[PlyCount "56"]
[EventDate "2002.08.??"]
[EventType "swiss"]
[EventRounds "9"]
[EventCountry "GRE"]
[SourceTitle "CBM 089 Extra"]
[Source "ChessBase"]
[SourceDate "2002.09.10"]
[SourceVersion "2"]
[SourceVersionDate "2002.09.10"]
[SourceQuality "1"]

1. e4 c5 2. Nf3 d6 3. d4 cxd4 4. Nxd4 Nf6 5. Nc3 Nc6 6. Be2 g6 7. Be3 Bg7 8. Qd2 Ng4 9. Bxg4 Bxg4 10. f3 Bd7 11. 0-0-0 Ne5 12. Qe2 Rc8 13. Kb1 Nc4 14. Bc1 e6 15. Ka1 Qa5 16. Qd3 0-0 17. h4 b5 18. h5 b4 19. Nce2 Qb6 20. hxg6 fxg6 21. Bh6 Bxh6 22. Rxh6 e5 23. Nb3 Be6 24. f4 Ne3 25. f5 Bc4 26. Qxd6 Nxd1 27. Qxd1 Bxe2 28. Qh1 Rfd8 0-1

[Event "Patras op"]
[Site "Patras"]
[Date "2002.08.01"]
[Round "1.15"]
[White "Moshina, Cristina"]
[Black "Stellas, Dimitris"]
[Result "1-0"]
[WhiteElo "2271"]
[BlackElo "1630"]
[PlyCount "55"]
[EventDate "2002.08.??"]
[EventType "swiss"]
[EventRounds "9"]
[EventCountry "GRE"]
[SourceTitle "CBM 089 Extra"]
[Source "ChessBase"]
[SourceDate "2002.09.10"]
[SourceVersion "2"]
[SourceVersionDate "2002.09.10"]
[SourceQuality "1"]

1. e4 c6 2. c4 d5 3. cxd5 cxd5 4. exd5 Nf6 5. Nc3 Nxd5 6. Nf3 Nc6 7. Bb5 e6 8. 0-0 Be7 9. d4 0-0 10. Re1 Bf6 11. Ne4 Qb6 12. Nxf6+ Nxf6 13. Bd3 h6 14. Re2 Rd8 15. Be3 Nb4 16. Bb1 Bd7 17. Ne5 Rac8 18. Nxd7 Rxd7 19. f3 Nfd5 20. Bf2 Rdc7 21. a3 Kf8 22. Be4 Na2 23. Bxd5 exd5 24. Be3 Qb5 25. Rxa2 Rc1 26. Bxc1 Rxc1 27. Qxc1 Qxe2 28. Ra1 1-0

[Event "Korinthos op 6th"]
[Site "Korinthos"]
[Date "2002.07.24"]
[Round "2"]
[White "Moshina, Cristina"]
[Black "Istratescu, Andrei"]
[Result "0-1"]
[WhiteElo "2271"]
[BlackElo "2622"]
[PlyCount "72"]
[EventDate "2002.07.23"]
[EventType "swiss"]
[EventRounds "9"]
[EventCountry "GRE"]
[SourceTitle "CBM 089 Extra"]
[Source "ChessBase"]
[SourceDate "2002.09.10"]
[SourceVersion "2"]
[SourceVersionDate "2002.09.10"]
[SourceQuality "1"]

1. e4 g6 2. d4 Bg7 3. Nc3 c6 4. Be3 Qb6 5. Rb1 d6 6. Nf3 Bg4 7. Be2 Nd7 8. 0-0 Qc7 9. a4 Ngf6 10. Nd2 Bxe2 11. Qxe2 0-0 12. Kh1 e5 13. dxe5 Nxe5 14. f4 Ned7 15. Nc4 Rfe8 16. Qf3 d5 17. Nd2 dxe4 18. Ndxe4 Nxe4 19. Nxe4 f5 20. Nf2 Nb6 21. Bxb6 Qxb6 22. Nd3 Re3 23. Qd1 Rae8 24. Rf3 R3e4 25. b3 Bc3 26. Qf1 Qc7 27. h3 b5 28. Kh2 b4 29. Nc5 Rd4 30. Rd1 Qd6 31. Nd3 c5 32. Rf2 Ree4 33. g3 h5 34. Qg2 Qe7 35. g4 hxg4 36. hxg4 Re3 0-1

[Event "Kishinev ULIM Cup"]
[Site "Kishinev"]
[Date "2001.10.11"]
[Round "5"]
[White "Voiteanu, Christian Gabriel"]
[Black "Moshina, Cristina"]
[Result "1/2-1/2"]
[WhiteElo "2097"]
[BlackElo "2226"]
[PlyCount "26"]
[EventDate "2001.10.07"]
[EventType "swiss"]
[EventRounds "9"]
[EventCountry "MDA"]
[SourceTitle "EXT 2002"]
[Source "ChessBase"]
[SourceDate "2001.11.25"]
[SourceVersion "1"]
[SourceVersionDate "2001.11.25"]
[SourceQuality "1"]

1. d4 Nf6 2. c4 g6 3. Nc3 d5 4. cxd5 Nxd5 5. e4 Nxc3 6. bxc3 Bg7 7. Bc4 c5 8. Ne2 0-0 9. 0-0 cxd4 10. cxd4 Nc6 11. Be3 Na5 12. Bd3 Bg4 13. f3 Be6 1/2-1/2

[Event "EU-ch (Women) 2nd"]
[Site "Warsaw"]
[Date "2001.04.26"]
[Round "5"]
[White "Moshina, Cristina"]
[Black "Demina, Julia"]
[Result "1/2-1/2"]
[WhiteElo "2235"]
[BlackElo "2350"]
[PlyCount "71"]
[EventDate "2001.04.22"]
[EventType "swiss"]
[EventRounds "11"]
[EventCountry "POL"]
[SourceTitle "CBM 082 Extra"]
[Source "ChessBase"]
[SourceDate "2001.07.03"]
[SourceVersion "1"]
[SourceVersionDate "2001.07.03"]
[SourceQuality "1"]

1. e4 c5 2. Nf3 Nc6 3. d4 cxd4 4. Nxd4 Nf6 5. Nc3 d6 6. Bg5 e6 7. Qd2 Qb6 8. Bxf6 gxf6 9. Nb3 a6 10. 0-0-0 Qc7 11. f4 h5 12. Kb1 h4 13. Bd3 Bd7 14. Rhf1 0-0-0 15. Rf3 Be7 16. Rh3 Rdg8 17. Qf2 b5 18. Rxh4 Rxh4 19. Qxh4 Rxg2 20. Qh7 Kb7 21. Qxf7 Rxh2 22. f5 Qd8 23. fxe6 Ne5 24. Qg7 Bxe6 25. Nd4 Bg4 26. Be2 Qf8 27. Qxf8 Bxf8 28. Bxg4 Nxg4 29. a3 Ne3 30. Rd3 Bh6 31. Nf5 Nxf5 32. exf5 Rf2 33. Ne4 Rf1+ 34. Ka2 Bf8 35. Nxf6 Rxf5 36. Nd5 1/2-1/2

[Event "EU-ch (Women) 2nd"]
[Site "Warsaw"]
[Date "2001.04.25"]
[Round "4"]
[White "Just, Anita"]
[Black "Moshina, Cristina"]
[Result "0-1"]
[WhiteElo "2061"]
[BlackElo "2235"]
[PlyCount "102"]
[EventDate "2001.04.22"]
[EventType "swiss"]
[EventRounds "11"]
[EventCountry "POL"]
[SourceTitle "CBM 082 Extra"]
[Source "ChessBase"]
[SourceDate "2001.07.03"]
[SourceVersion "1"]
[SourceVersionDate "2001.07.03"]
[SourceQuality "1"]

1. e4 c5 2. Nf3 Nc6 3. d4 cxd4 4. Nxd4 Nf6 5. Nc3 d6 6. Be2 e5 7. Nf3 Be7 8. 0-0 0-0 9. h3 h6 10. Be3 Be6 11. Nh2 d5 12. exd5 Nxd5 13. Nxd5 Bxd5 14. Nf3 f5 15. Bb5 f4 16. Bc1 e4 17. Nd4 Qb6 18. Nxc6 bxc6 19. Ba4 e3 20. Bb3 exf2+ 21. Kh1 Bxb3 22. axb3 Bc5 23. Bd2 f3 24. Ba5 fxg2+ 25. Kxg2 Qb7 26. Qg4 Bd4 27. Bc3 Bb6 28. Be5 Rae8 29. Bd6 Rf7 30. Kh1 Qd7 31. Qxd7 Rxd7 32. Bf4 Re2 33. Rac1 g5 34. Bg3 Be3 35. Ra1 Rxc2 36. Be5 c5 37. Kg2 Rf7 38. Rad1 Bd4 39. Bxd4 cxd4 40. Rxd4 Rxb2 41. Rd3 Kg7 42. Kg3 Rb7 43. Rxf2 R2xb3 44. Rff3 Rxd3 45. Rxd3 a5 46. Ra3 Rb5 47. Kg4 Kg6 48. Ra1 Rb4+ 49. Kg3 a4 50. Kf3 Rb3+ 51. Kg4 h5# 0-1

[Event "EU-ch (Women) 2nd"]
[Site "Warsaw"]
[Date "2001.04.23"]
[Round "2"]
[White "Zawadzka, Magdalena"]
[Black "Moshina, Cristina"]
[Result "1/2-1/2"]
[WhiteElo "2050"]
[BlackElo "2235"]
[PlyCount "76"]
[EventDate "2001.04.22"]
[EventType "swiss"]
[EventRounds "11"]
[EventCountry "POL"]
[SourceTitle "CBM 082 Extra"]
[Source "ChessBase"]
[SourceDate "2001.07.03"]
[SourceVersion "1"]
[SourceVersionDate "2001.07.03"]
[SourceQuality "1"]

1. e4 c5 2. Nf3 Nc6 3. d4 cxd4 4. Nxd4 Nf6 5. Nc3 e5 6. Ndb5 d6 7. Bg5 a6 8. Na3 b5 9. Nd5 Be7 10. Bxf6 Bxf6 11. c3 Bg5 12. Nc2 0-0 13. a4 bxa4 14. Rxa4 a5 15. Bc4 Rb8 16. b3 Kh8 17. 0-0 g6 18. Kh1 Be6 19. Nce3 f5 20. exf5 gxf5 21. f4 Bh6 22. Qh5 Bg7 23. Rd1 Qd7 24. Re1 Kg8 25. g3 Qb7 26. Kg1 exf4 27. gxf4 Rbe8 28. Kf2 Qa7 29. Rg1 Kh8 30. Rg3 Ne5 31. Rh3 h6 32. Kf1 Nxc4 33. Rxc4 Bxd5 34. Nxd5 Qb7 35. Qg6 Qxd5 36. Rxh6+ Bxh6 37. Qxh6+ Kg8 38. Qg6+ Kh8 1/2-1/2

[Event "Wch U20 Girls"]
[Site "Yerevan"]
[Date "2000.09.24"]
[Round "6"]
[White "Moshina, Cristina"]
[Black "Galojan, Lilit"]
[Result "0-1"]
[WhiteElo "2191"]
[BlackElo "2114"]
[PlyCount "52"]
[EventDate "2000.09.02"]
[EventType "swiss"]
[EventRounds "13"]
[EventCountry "ARM"]
[SourceTitle "CBM 078 Extra"]
[Source "ChessBase"]
[SourceDate "2000.11.10"]
[SourceVersion "1"]
[SourceVersionDate "2000.11.10"]
[SourceQuality "1"]

1. e4 c5 2. Nf3 Nc6 3. d4 cxd4 4. Nxd4 Nf6 5. Nc3 e6 6. Be3 Bb4 7. Bd3 d5 8. exd5 Nxd5 9. Nxc6 bxc6 10. Bd2 Nxc3 11. bxc3 Bd6 12. Qf3 Qc7 13. g4 Bb7 14. Rb1 0-0 15. g5 Rab8 16. Be4 Ba6 17. Rc1 f5 18. gxf6 Rxf6 19. Qh3 h6 20. f3 Bf4 21. Qg2 Rd8 22. Rd1 Qd6 23. Rg1 Rd7 24. Bd3 Bxd3 25. Bxf4 Qxf4 26. cxd3 Qe3+ 0-1

[Event "Wch U20 Girls"]
[Site "Yerevan"]
[Date "2000.09.22"]
[Round "4"]
[White "Moshina, Cristina"]
[Black "Zimina, Olga"]
[Result "1/2-1/2"]
[WhiteElo "2191"]
[BlackElo "2263"]
[PlyCount "76"]
[EventDate "2000.09.02"]
[EventType "swiss"]
[EventRounds "13"]
[EventCountry "ARM"]
[SourceTitle "CBM 078 Extra"]
[Source "ChessBase"]
[SourceDate "2000.11.10"]
[SourceVersion "1"]
[SourceVersionDate "2000.11.10"]
[SourceQuality "1"]

1. e4 c5 2. Nf3 Nc6 3. d4 cxd4 4. Nxd4 Nf6 5. Nc3 e5 6. Ndb5 d6 7. Bg5 a6 8. Na3 Be6 9. Nc4 Rc8 10. Ne3 Be7 11. Bxf6 Bxf6 12. Ncd5 0-0 13. c3 Bg5 14. Nc4 Kh8 15. Ndb6 Bxc4 16. Nxc4 Rc7 17. Be2 d5 18. Qxd5 Qb8 19. Nxe5 Nxe5 20. Qxe5 Bd2+ 21. Kf1 Re8 22. Qd5 Rd8 23. Qf5 b5 24. g3 b4 25. Kg2 bxc3 26. bxc3 Bxc3 27. Rab1 Qa7 28. Rhd1 Bd4 29. Rbc1 Rcd7 30. Rc6 g6 31. Qf3 Qb7 32. Rxa6 Kg7 33. Ra5 Rd6 34. e5 Qxf3+ 35. Kxf3 Bxe5 36. Rxe5 Rxd1 37. Bxd1 Rxd1 38. Ra5 h5 1/2-1/2

[Event "Wch U20 Girls"]
[Site "Yerevan"]
[Date "2000.09.20"]
[Round "3"]
[White "Ramaswamy, Aarthie"]
[Black "Moshina, Cristina"]
[Result "1/2-1/2"]
[WhiteElo "2319"]
[BlackElo "2191"]
[PlyCount "89"]
[EventDate "2000.09.02"]
[EventType "swiss"]
[EventRounds "13"]
[EventCountry "ARM"]
[SourceTitle "CBM 078 Extra"]
[Source "ChessBase"]
[SourceDate "2000.11.10"]
[SourceVersion "1"]
[SourceVersionDate "2000.11.10"]
[SourceQuality "1"]

1. e4 c5 2. Nf3 Nc6 3. d4 cxd4 4. Nxd4 Nf6 5. Nc3 e5 6. Ndb5 d6 7. Bg5 a6 8. Na3 b5 9. Bxf6 gxf6 10. Nd5 f5 11. Bd3 Be6 12. 0-0 Bxd5 13. exd5 Ne7 14. Nxb5 Bg7 15. Nc3 e4 16. Bc4 Ng6 17. Kh1 Qc7 18. Bb3 Bxc3 19. bxc3 Qxc3 20. Ba4+ Ke7 21. f3 h5 22. Bc6 Rab8 23. Qe2 e3 24. f4 Nxf4 25. Qf3 Rb4 26. Rae1 Re4 27. Rb1 Qe5 28. Rb7+ Kf6 29. Rb3 h4 30. Re1 e2 31. g3 hxg3 32. Qxg3 Rh3 33. Qg8 Ree3 34. Rxe3 Qxe3 35. Qd8+ Kg7 36. Qg5+ Kf8 37. Qd8+ Kg7 38. Qg5+ Kh7 39. Qxf5+ Ng6 40. Rxe2 Qc1+ 41. Kg2 Rh4 42. Rf2 Kh6 43. Rf1 Qd2+ 44. Qf2 Qg5+ 45. Kh1 1/2-1/2

[Event "Bucharest-A (Women)"]
[Site "Bucharest"]
[Date "2000.??.??"]
[Round "8"]
[White "Berechet, Otiliu"]
[Black "Moshina, Cristina"]
[Result "1/2-1/2"]
[WhiteElo "2199"]
[BlackElo "2160"]
[PlyCount "134"]
[EventDate "2000.03.??"]
[EventType "tourn"]
[EventRounds "12"]
[EventCountry "ROU"]
[SourceTitle "EXT 2001"]
[Source "ChessBase"]
[SourceDate "2000.11.22"]
[SourceVersion "1"]
[SourceVersionDate "2000.11.22"]
[SourceQuality "1"]

1. c4 e5 2. g3 Nc6 3. Bg2 f5 4. Nc3 Nf6 5. d3 d6 6. Bd2 Be6 7. Nd5 Be7 8. b4 e4 9. b5 Bxd5 10. cxd5 Ne5 11. Qb3 exd3 12. exd3 Nfd7 13. d4 Ng6 14. Nh3 0-0 15. 0-0 Bf6 16. Qd3 Kh8 17. Rac1 Nb6 18. Rfe1 Qd7 19. Bg5 h6 20. Be3 Ne7 21. Nf4 Rac8 22. h4 g5 23. hxg5 hxg5 24. Ne6 Rg8 25. g4 fxg4 26. Qe4 Nexd5 27. Qxg4 Rce8 28. Qh5+ Qh7 29. Qxh7+ Kxh7 30. Nxc7 Nxc7 31. Rxc7+ Rg7 32. Rxg7+ Bxg7 33. Rd1 d5 34. Bxg5 Re2 35. a3 Rb2 36. Bf1 Kg6 37. Bc1 Rb3 38. Rd3 Rxd3 39. Bxd3+ Kf7 40. Bb2 Na4 41. Ba1 Nc5 42. dxc5 Bxa1 43. c6 bxc6 44. bxc6 Be5 45. Kf1 Ke7 46. Ke2 Kd6 47. Bb5 a6 48. Bxa6 Kxc6 49. Ke3 Kb6 50. Be2 Kc5 51. f4 Bc3 52. Kd3 Ba5 53. Bg4 Be1 54. Bc8 Ba5 55. f5 Kd6 56. f6 Bb6 57. a4 Ke5 58. f7 Bc5 59. Bg4 Kf6 60. Bh5 Ke7 61. a5 Kf8 62. a6 Ke7 63. Kc3 Kf8 64. Kb3 Ke7 65. Ka4 d4 66. Kb5 Ba7 67. Kc4 Kf8 1/2-1/2

[Event "Bucharest-A (Women)"]
[Site "Bucharest"]
[Date "2000.??.??"]
[Round "6"]
[White "Grechanovskaya, Elena"]
[Black "Moshina, Cristina"]
[Result "1/2-1/2"]
[WhiteElo "2203"]
[BlackElo "2160"]
[PlyCount "55"]
[EventDate "2000.03.??"]
[EventType "tourn"]
[EventRounds "12"]
[EventCountry "ROU"]
[SourceTitle "EXT 2001"]
[Source "ChessBase"]
[SourceDate "2000.11.22"]
[SourceVersion "1"]
[SourceVersionDate "2000.11.22"]
[SourceQuality "1"]

1. Nf3 Nf6 2. c4 g6 3. Nc3 Bg7 4. d4 d6 5. e4 0-0 6. Be2 e5 7. 0-0 Nc6 8. d5 Ne7 9. b4 a5 10. bxa5 Rxa5 11. a4 Nd7 12. Ba3 Ra8 13. Bb4 h6 14. Nd2 f5 15. Qc2 Nf6 16. c5 fxe4 17. cxd6 cxd6 18. Ndxe4 Nxe4 19. Nxe4 Bf5 20. Bd3 Rc8 21. Qb3 Bxe4 22. Bxe4 Nf5 23. Qa3 Qd7 24. Rac1 Rxc1 25. Rxc1 Ra8 26. Bxf5 gxf5 27. a5 Rc8 28. h3 1/2-1/2

[Event "Bucharest-A (Women)"]
[Site "Bucharest"]
[Date "2000.??.??"]
[Round "5"]
[White "Moshina, Cristina"]
[Black "Hamdouchi, Adina Maria"]
[Result "0-1"]
[WhiteElo "2160"]
[BlackElo "2235"]
[PlyCount "82"]
[EventDate "2000.03.??"]
[EventType "tourn"]
[EventRounds "12"]
[EventCountry "ROU"]
[SourceTitle "EXT 2001"]
[Source "ChessBase"]
[SourceDate "2000.11.22"]
[SourceVersion "1"]
[SourceVersionDate "2000.11.22"]
[SourceQuality "1"]

1. e4 d6 2. d4 Nf6 3. Nc3 g6 4. Be2 Bg7 5. Be3 c6 6. h3 0-0 7. Nf3 Nbd7 8. Qd2 e5 9. dxe5 dxe5 10. Rd1 Qa5 11. 0-0 Qb4 12. a3 Qe7 13. Bh6 Nc5 14. Bxg7 Kxg7 15. Qe3 a5 16. b4 axb4 17. axb4 Na4 18. Nxa4 Rxa4 19. c3 Nh5 20. Ne1 Nf4 21. Nd3 Nxe2+ 22. Qxe2 Qg5 23. Kh2 b6 24. f4 exf4 25. Rxf4 Be6 26. Qe3 h6 27. Qxb6 Rd8 28. h4 Qe7 29. Qc5 Qc7 30. e5 Ra2 31. Qe3 Rc2 32. Qe1 Bf5 33. Rd4 Re8 34. Rd6 Bg4 35. Rd2 Rxc3 36. Qg3 Bf5 37. Kh1 Rd8 38. Qe3 Rxd6 39. exd6 Qxd6 40. Qe5+ Qf6 41. Qxf6+ Kxf6 0-1